Nalco Water - an Ecolab Company globális ellátási láncának és szállítmányozási folyamatainak vizsgálata a költségek csökkentése és a fenntarthatóság javítása érdekében
| Main Author: | |
|---|---|
| Other Authors: | |
| Format: | Project work |
| Kulcsszavak: | globális fuvarozás költségcsökkentés logisztika szállítmányozás Ügyfél elégedettség |
| Online Access: | http://dolgozattar.uni-bge.hu/60319 |
MARC
| LEADER | 00000nnm a2200000 i 4500 | ||
|---|---|---|---|
| 001 | dolg60319 | ||
| 005 | 20260409150311.0 | ||
| 008 | 260409suuuu hu o 000 hun d | ||
| 040 | |a BGE Dolgozattár Repozitórium |b hun | ||
| 041 | |a hu | ||
| 100 | 1 | |a Modla Dominika | |
| 245 | 1 | 0 | |a Nalco Water - an Ecolab Company globális ellátási láncának és szállítmányozási folyamatainak vizsgálata a költségek csökkentése és a fenntarthatóság javítása érdekében |c Modla Dominika |h [elektronikus dokumentum] |
| 516 | |a Project_work | ||
| 520 | 3 | |a A záródolgozatom fő témája a szállítás-szállítmányozás, melynek logisztikáját mutatom be a NALCO Water – an Ecolab Company cégen kereszül. Ezen belül pedig azt szeretném megvizsgálni, hogy hogyan optimalizálhatja a NALCO Water a globális ellátási láncát és a szállítmányozásai folyamatait a költségek csökkentése és a fenntarthatóság javítása érdekében. Célom a szállítmányozási és logisztikai folyamatokkal kapcsolatos összefüggések és tapasztalatok feltérképezése. Mindehhez a saját tapasztalataim és a cégnél szerzett rutinom segítsége mellett egy, feltáró módszerű kutatást végzek egy online, nagyjából 10-15 percet igénybe vevő, 12 kérdést tartalmazó kérdőív formájában, melynek kérdései és a rájuk kapott válaszok alapot nyújtanak egy kvalitatív, fókuszcsoportos online beszélgetéshez. A kérdésekre a több éves vagy akár több évtizedes tapasztalattal rendelkező közvetlen kollégáim szűk köre válaszol. A kollégákat tapasztalatuk mértéke és pozíciójuk alapján választottam ki, hogy minél megbízhatóbb, minőségibb és sokrétűbb tapasztalatok alapján érkezett válaszokat tudjak elemezni. | |
| 695 | |a globális fuvarozás | ||
| 695 | |a költségcsökkentés | ||
| 695 | |a logisztika | ||
| 695 | |a szállítmányozás | ||
| 695 | |a Ügyfél elégedettség | ||
| 700 | 1 | |a Domboróczky Dr. Zoltán |e ths | |
| 856 | 4 | 0 | |u http://dolgozattar.uni-bge.hu/60319/1/szakdolgozat_Modla%20Dominika_QR0OEI_BGE_kermark_FOSZK_logisztika.pdf |z Dokumentum-elérés |
| 856 | 4 | 0 | |u http://dolgozattar.uni-bge.hu/60319/2/Modla_Dominika_KM%20FOSZK%20b%C3%ADr%C3%A1lati%20lap.pdf |z Dokumentum-elérés |